000 00180nam a2200073Ia 4500
008 170817s9999 xx 000 0 und d
100 _aJHA PRAVEEN KUMAR
245 0 _aEDUCATING HUMAN RIGHTS
260 _bH.P.BHARGAV
999 _c36423
_d36423